The intelligent movement machine (Record no. 6783)
[ view plain ]
| 000 -LEADER | |
|---|---|
| fixed length control field | 01959nam a22003614a 4500 |
| 001 - CONTROL NUMBER | |
| control field | ebr10273228 |
| 003 - CONTROL NUMBER IDENTIFIER | |
| control field | CaPaEBR |
| 006 - FIXED-LENGTH DATA ELEMENTS--ADDITIONAL MATERIAL CHARACTERISTICS--GENERAL INFORMATION | |
| fixed length control field | m u |
| 007 - PHYSICAL DESCRIPTION FIXED FIELD--GENERAL INFORMATION | |
| fixed length control field | cr cn||||||||| |
| 008 - FIXED-LENGTH DATA ELEMENTS--GENERAL INFORMATION | |
| fixed length control field | 080320s2009 enka sb 001 0 eng |
| 010 ## - LIBRARY OF CONGRESS CONTROL NUMBER | |
| Canceled/invalid LC control number | 2008012835 |
| 016 7# - NATIONAL BIBLIOGRAPHIC AGENCY CONTROL NUMBER | |
| Canceled or invalid record control number | 101469296 |
| Source | DNLM |
| 020 ## - INTERNATIONAL STANDARD BOOK NUMBER | |
| Cancelled/invalid ISBN | 9780195326703 (alk. paper) |
| Cancelled/invalid ISBN | 0195326709 (alk. paper) |
| 040 ## - CATALOGING SOURCE | |
| Original cataloging agency | CaPaEBR |
| Transcribing agency | CaPaEBR |
| 035 ## - SYSTEM CONTROL NUMBER | |
| System control number | (OCoLC)311040349 |
| 050 14 - LIBRARY OF CONGRESS CALL NUMBER | |
| Classification number | QP383 |
| Item number | .G78 2009eb |
| 082 04 - DEWEY DECIMAL CLASSIFICATION NUMBER | |
| Classification number | 612.8/252 |
| Edition number | 22 |
| 100 1# - MAIN ENTRY--PERSONAL NAME | |
| Personal name | Graziano, Michael S. A., |
| Dates associated with a name | 1967- |
| 245 14 - TITLE STATEMENT | |
| Title | The intelligent movement machine |
| Medium | [electronic resource] : |
| Remainder of title | an ethological perspective on the primate motor system / |
| Statement of responsibility, etc | Michael S.A. Graziano. |
| 260 ## - PUBLICATION, DISTRIBUTION, ETC. (IMPRINT) | |
| Place of publication, distribution, etc | Oxford ; |
| -- | New York : |
| Name of publisher, distributor, etc | Oxford University Press, |
| Date of publication, distribution, etc | 2009. |
| 300 ## - PHYSICAL DESCRIPTION | |
| Extent | ix, 224 p. : |
| Other physical details | ill. |
| 504 ## - BIBLIOGRAPHY, ETC. NOTE | |
| Bibliography, etc | Includes bibliographical references (p.199-217) and index. |
| 505 0# - FORMATTED CONTENTS NOTE | |
| Formatted contents note | Early experiments on motor cortex -- An integrative map of the body -- Hierarchy in the cortical motor system -- Neuronal control of movement -- What can be learned from electrical stimulation? -- Complex movements evoked by electrical stimulation of motor cortex -- The match between natural neuronal properties and stimulation-evoked movement -- The movement repertoire of monkeys -- Dimensionality reduction as a theory of motor cortex organization -- Feedback remapping and the cortical-spinal-muscular system -- Social implications of motor control. |
| 533 ## - REPRODUCTION NOTE | |
| Type of reproduction | Electronic reproduction. |
| Place of reproduction | Palo Alto, Calif. : |
| Agency responsible for reproduction | ebrary, |
| Date of reproduction | 2013. |
| Note about reproduction | Available via World Wide Web. |
| -- | Access may be limited to ebrary affiliated libraries. |
| 650 #0 - SUBJECT ADDED ENTRY--TOPICAL TERM | |
| Topical term or geographic name as entry element | Motor cortex |
| General subdivision | Physiology. |
| Topical term or geographic name as entry element | Human locomotion. |
| Topical term or geographic name as entry element | Animal locomotion. |
| Topical term or geographic name as entry element | Primates |
| General subdivision | Physiology. |
| 655 #7 - INDEX TERM--GENRE/FORM | |
| Genre/form data or focus term | Electronic books. |
| Source of term | local |
| 710 2# - ADDED ENTRY--CORPORATE NAME | |
| Corporate name or jurisdiction name as entry element | ebrary, Inc. |
| 856 40 - ELECTRONIC LOCATION AND ACCESS | |
| Uniform Resource Identifier | <a href="http://site.ebrary.com/lib/rucke/Doc?id=10273228">http://site.ebrary.com/lib/rucke/Doc?id=10273228</a> |
| Public note | An electronic book accessible through the World Wide Web; click to view |
No items available.
